Forest life in India / (Record no. 23406)
[ view plain ]
| 000 -LEADER | |
|---|---|
| fixed length control field | 00895nam a22002652a 4500 |
| 001 - CONTROL NUMBER | |
| control field | 23406 |
| 003 - CONTROL NUMBER IDENTIFIER | |
| rucl marc code | BD-RjUL |
| 005 - DATE AND TIME OF LATEST TRANSACTION | |
| control field | 20211209000927.0 |
| 008 - FIXED-LENGTH DATA ELEMENTS--GENERAL INFORMATION | |
| fixed length control field | 140310s1935 enkabf 001 0 eng d |
| 035 ## - SYSTEM CONTROL NUMBER | |
| System control number | (BD-RjUL)23471 |
| -- | OCLC ocm01666769 from D950403M |
| 040 ## - CATALOGING SOURCE | |
| Original cataloging agency | DLC |
| Transcribing agency | CIN |
| Modifying agency | EQO |
| -- | BD-RjUL |
| Language of cataloging | eng |
| 041 ## - LANGUAGE CODE | |
| Language code of text/sound track or separate title | eng |
| 082 00 - DEWEY DECIMAL CLASSIFICATION NUMBER | |
| Classification number | 634.909543 |
| Author mark and year | BEF 1935 |
| 100 1# - MAIN ENTRY--PERSONAL NAME | |
| Personal name | Best, James William, |
| Dates associated with a name | 1882- |
| 9 (RLIN) | 72097 |
| 245 10 - TITLE STATEMENT | |
| Title | Forest life in India / |
| Statement of responsibility, etc. | by James W. Best. |
| 250 ## - EDITION STATEMENT | |
| Edition statement | 1st ed. |
| 260 ## - PUBLICATION, DISTRIBUTION, ETC. (IMPRINT) | |
| Place of publication, distribution, etc. | London : |
| Name of publisher, distributor, etc. | J. Murray, |
| Date of publication, distribution, etc. | 1935. |
| 300 ## - PHYSICAL DESCRIPTION | |
| Pagination | 316 p. : |
| Illustrations | illus., fold. map, 3 plates. |
| Size | 22 cm. |
| 504 ## - BIBLIOGRAPHY, ETC. NOTE | |
| Bibliography, etc | Includes bibliographical references and index. |
| 650 #0 - SUBJECT ADDED ENTRY--TOPICAL TERM | |
| Topical term or geographic name as entry element | Forests and forestry |
| Geographic subdivision | Central Provinces (India). |
| 9 (RLIN) | 72098 |
| Topical term or geographic name as entry element | Hunting |
| Geographic subdivision | Central Provinces (India) |
| 9 (RLIN) | 72099 |
| 651 #0 - SUBJECT ADDED ENTRY--GEOGRAPHIC NAME | |
| Geographic name | Madhya Pradesh (India) |
| General subdivision | Description and travel |
| 9 (RLIN) | 72100 |
| 942 ## - ADDED ENTRY ELEMENTS (KOHA) | |
| Source of classification or shelving scheme | Dewey Decimal Classification |
| Koha item type | Books |
| Lost status | Source of classification or shelving scheme | Damaged status | Not for loan | Collection code | Permanent Location | Current Location | Shelving location | Date acquired | Source of acquisition | Cost, normal purchase price | Total Checkouts | Full call number | Date last seen | Copy number | Koha item type |
|---|---|---|---|---|---|---|---|---|---|---|---|---|---|---|---|
| Dewey Decimal Classification | Added to bundle | Non-fiction | Central Library, University of Rajshahi | Central Library, University of Rajshahi | Reading Room | 21/11/1970 | Zeitlinger. | 0.00 | 634.909543 BEF 1935 | 10/03/2014 | C-1 | Books |